| Tag |
First Indicator |
Second Indicator |
Subfields |
| LEADER |
00000cas a2200000Ia 4500 |
| 001 |
in00002002131 |
| 005 |
20151031132101.0 |
| 006 |
m u |
| 007 |
cr u---------- |
| 008 |
041108c19499999xxuuu p s 0 a0eng d |
| 022 |
0 |
|
|a 0004-9530
|
| 035 |
|
|
|a (OCoLC)ocm56930635
|
| 040 |
|
|
|a IWA
|c IWA
|d UtOrBLW
|
| 049 |
|
|
|a TXAM
|
| 090 |
|
|
|a BF1
|b .A93 Electronic
|
| 130 |
0 |
|
|a Australian journal of psychology (Online)
|
| 245 |
1 |
0 |
|a Australian journal of psychology.
|
| 264 |
|
1 |
|a [Place of publication not identified] :
|b Taylor & Francis Health Sciences,
|c 1949-
|
| 336 |
|
|
|a text
|b txt
|2 rdacontent
|
| 337 |
|
|
|a computer
|b c
|2 rdamedia
|
| 338 |
|
|
|a online resource
|b cr
|2 rdacarrier
|
| 362 |
1 |
|
|a Print began with: Vol. 1 (June 1949).
|
| 500 |
|
|
|a Description based on: Volume 54, Number 1 (April 2002); title from title screen (MetaPress, viewed Nov. 8, 2004).
|
| 530 |
|
|
|a Online version of the print publication.
|
| 538 |
|
|
|a System requirements: Acrobat reader for full text of articles.
|
| 538 |
|
|
|a Mode of access: World Wide Web.
|
| 550 |
|
|
|a Vols. for 1949- issued by the Australian Branch of the British Psychological Society; 1967- by the Australian Psychological Society.
|
| 550 |
|
|
|a Made available by: MetaPress.
|
| 500 |
|
|
|a Electronic resource.
|
| 650 |
|
0 |
|a Psychology
|v Periodicals.
|
| 710 |
2 |
|
|a British Psychological Society.
|b Australian Branch.
|
| 710 |
2 |
|
|a Australian Psychological Society.
|
| 710 |
2 |
|
|a MetaPress.
|
| 776 |
1 |
|
|t Australian journal of psychology
|w (OCoLC)1518827
|
| 948 |
|
|
|a cataloged
|b h
|c 2004/11/9
|d c
|e rstovall5
|f 3:52:57 pm
|
| 994 |
|
|
|a E0
|b TXA
|
| 999 |
|
|
|a MARS
|
| 999 |
f |
f |
|s ef1300ab-7c37-3ad9-a151-ea9fef10b926
|i ef6d12d8-a33b-358a-afce-c3d0b6c3addf
|t 0
|
| 952 |
f |
f |
|a Texas A&M University
|b College Station
|c Electronic Resources
|d Available Online
|t 0
|e BF1 .A93
|g Electronic
|h Library of Congress classification
|
| 998 |
f |
f |
|a BF1 .A93
|t 0
|l Available Online
|